Perspectives on the ICRC study on customary international humanitarian law
Guardat en:
| Autors principals: | , |
|---|---|
| Format: | Llibre |
| Idioma: | anglès |
| Publicat: |
Cambridge
Cambridge University Press
2011
|
| Edició: | 1a. ed |
| Matèries: | |
| Etiquetes: |
Afegir etiqueta
Sense etiquetes, Sigues el primer a etiquetar aquest registre!
|
MARC
| LEADER | 00000cam a2200000 a 4500 | ||
|---|---|---|---|
| 001 | UCD7600 | ||
| 003 | CL-VaPUC | ||
| 008 | 170331e20110000uk |||||||||||||||||eng|d | ||
| 020 | |a 9781107402386 | ||
| 082 | 0 | 4 | |a 341.1 |b WIL |2 21 |
| 100 | 0 | |a Wilmshurst, Elizabeth |e author |9 591609 | |
| 700 | 0 | |a Breau, Susan |e author |9 591610 | |
| 245 | 1 | 0 | |a Perspectives on the ICRC study on customary international humanitarian law |
| 250 | |a 1a. ed | ||
| 300 | |a 433 p | ||
| 942 | |c BK | ||
| 945 | |d 20170331 00:58:00 |a dcastane | ||
| 260 | |a Cambridge |b Cambridge University Press |c 2011 | ||
| 650 | 7 | |a DERECHO INTERNACIONAL PUBLICO |2 CL-VaPUC |9 591611 | |
| 650 | 0 | |a Derecho consuetudinario |9 256602 | |
| 583 | |a last modification |c 20170331 00:58:00 |k Rodrigo Vera | ||
| 999 | |c 367576 |d 367574 | ||
| 952 | |0 0 |1 0 |3 erb |4 0 |6 341_100000000000000_WIL_2011 |7 0 |8 A |9 482556 |a BIBDER |b BIBDER |i 5370698 |l 1 |m 1 |o 341.1 WIL 2011 |p 5370698 |r 2023-01-25 |s 2020-03-16 |w 2019-11-24 |y BK |z Catalogado en:20170331 |k DER | ||